000 00368nam a2200145Ia 4500
008 150201s2008 xx 000 0 und d
082 _a612.015
_bB08C
100 _aCHAMPE, P.C.
245 _aLIPPINCOTT,S ILLUSTRATED REWEIVS : BIOCHEMISTRY
250 _a4TH
260 _bPHILADELPHIA
_aDELHI
_c2008
300 _a1-520
650 _aBIOCHEMISTRY
942 _2ddc
_cBK
_023
999 _c298
_d298